Tilastot visalle Espanja kuvien mukaan

Klikkaa tästä pelataksesi tätä visaa!

Yleistilastot

  • Tätä visaa on pelattu 198 kertaa
  • Keskiarvotulos 10 / 18

Vastaustilastot

Vastaus% Oikein
Paella
79%
Pyreneet
79%
Kanariansaaret
77%
Churro
74%
Pablo Picasso
70%
Sagrada Família
68%
Härkätaistelija
65%
Rafael Nadal
65%
Flamenco
62%
Bilbao
58%
Härkäjuoksu
57%
Penélope Cruz
57%
Don Quijote
50%
Gazpacho
44%
Granada
28%
Toledo
25%
El Cid
21%
Kaljuuna
21%

Tulosjakauma

Persentiili vastausten määrän mukaan

Jokaisen tuloksen saaneiden osuus

Tuloshistoriasi

Et ole pelannut tätä visaa